[Event "4NCL Team Rapid"]
[Site "Newport Pagnell ENG"]
[Date "2010.10.09"]
[Round "5"]
[White "Kosten,A"]
[Black "Zhou,Y"]
[Result "0-1"]
[WhiteElo "2513"]
[BlackElo "2320"]

1.Nf3 Nf6 2.c4 g6 3.g3 Bg7 4.Bg2 O-O 5.O-O d6 6.Nc3 e5 7.d3 c6 8.c5 dxc5
9.Nxe5 Nd5 10.Nf3 Nxc3 11.bxc3 Bxc3 12.Bh6 Bg7 13.Qc1 Na6 14.Rd1 Re8 15.Bxg7 Kxg7
16.e3 Qe7 17.Rb1 Rb8 18.h3 Bf5 19.g4 Be6 20.Qb2+ Qf6 21.d4 Kg8 22.Nd2 cxd4
23.Ne4 Qg7 24.Rxd4 c5 25.Ra4 Qxb2 26.Rxb2 Red8 27.Nf6+ Kg7 28.Rxb7 Kxf6 29.Rxa6 Rxb7
30.Bxb7 c4 31.Kg2 Rd2 32.Be4 Ke5 33.Kf3 f5 34.Ra5+ Kf6 35.gxf5 gxf5 36.Bc6 Rd1
37.Rxa7 c3 38.Ba4 Ra1 39.Rc7 Rxa2 40.Bd1 Bd5+ 41.Kg3 Ra1 42.Bf3  0-1

[Event "Karen Asrian Memorial"]
[Site "Jermuk ARM"]
[Date "2010.10.12"]
[Round "8"]
[White "Maghalashvili,Da"]
[Black "Petrosian,DG"]
[Result "1-0"]
[WhiteElo "2455"]
[BlackElo "2487"]

1.Nf3 Nf6 2.c4 g6 3.g3 Bg7 4.Bg2 O-O 5.O-O c5 6.d4 d6 7.d5 b5 8.cxb5 a6 9.bxa6 Bf5
10.Nbd2 Nxa6 11.Nh4 Bd7 12.Nc4 Nb4 13.a3 Bb5 14.Ne3 Ne8 15.Rb1 Na2 16.Bd2 Ba4
17.b3 Bd7 18.Nc2 Nc7 19.Ra1 Nc3 20.Bxc3 Bxc3 21.Rb1 Bf6 22.a4 c4 23.bxc4 Bxa4
24.Nf3 Qc8 25.e4 Na6 26.Qe2 Bxc2 27.Qxc2 Qc7 28.e5 dxe5 29.Nd2 Rab8 30.Ne4 Rbc8
31.Rfc1 Nc5 32.Nxc5 Qxc5 33.Rb5 Qd4 34.c5 Rb8 35.Rbb1 Rxb1 36.Rxb1 Rc8 37.c6 Rc7
38.Qb3 Kg7 39.Qb8 Qa7 40.Qxa7 Rxa7 41.Bh3 e4 42.d6 exd6 43.Rb7 Ra1+ 44.Kg2 Bd8
45.c7 Bxc7 46.Rxc7 Kf6 47.Bd7 Ke5 48.Be8 f5 49.Rxh7 g5 50.Rg7 Ra2 51.Bh5 d5
52.g4 Kd4 53.gxf5 e3 54.Bf3 Rxf2+ 55.Kg3 Rf1 56.f6 Kd3 57.Re7 g4 58.Kxg4 Rg1+
59.Kf4  1-0

[Event "32nd Open"]
[Site "Arco ITA"]
[Date "2010.10.16"]
[Round "1"]
[White "Trauth,M"]
[Black "Buglisi,M"]
[Result "0-1"]
[WhiteElo "2197"]
[BlackElo "1875"]

1.Nf3 Nf6 2.c4 g6 3.g3 Bg7 4.Bg2 O-O 5.Nc3 d6 6.O-O a6 7.d3 e5 8.b4 e4 9.dxe4 Nxe4
10.Nxe4 Bxa1 11.Bg5 f6 12.Bh6 Be5 13.Nxe5 dxe5 14.Bxf8 Qxf8 15.Qd5+ Kg7 16.Rd1 Nc6
17.Nc5 Qe7 18.b5 axb5 19.cxb5 Nd4 20.Rd2 c6 21.bxc6 bxc6 22.Qc4 Ra5 23.Nd3 Be6
24.Qb4 Qa7 25.e3 Rb5 26.Qc3 Rb1+ 27.Nc1 Qa5 28.Qxa5 Rxc1+ 29.Bf1 Bh3  0-1

[Event "32nd Open"]
[Site "Arco ITA"]
[Date "2010.10.20"]
[Round "5"]
[White "Trauth,M"]
[Black "Maurer,F"]
[Result "1-0"]
[WhiteElo "2197"]
[BlackElo "2156"]

1.Nf3 Nf6 2.c4 g6 3.g3 Bg7 4.Bg2 O-O 5.Nc3 d6 6.O-O Nc6 7.Rb1 e5 8.b4 a6
9.a4 Bf5 10.d3 Qd7 11.Bg5 h6 12.Bxf6 Bxf6 13.Nd5 Bg7 14.b5 axb5 15.axb5 Ne7
16.Nh4 Nxd5 17.cxd5 Ra5 18.Nxf5 Qxf5 19.Qc2 Qd7 20.b6 cxb6 21.Rxb6 Rfa8 22.Qb3 R8a7
23.h4 Qc7 24.Bf3 Bf8 25.Rb1 Ra3 26.Qb2 Ra2 27.Qc1 Rc2 28.Qe3 Rca2 29.h5 Kg7
30.hxg6 fxg6 31.Kg2 R2a4 32.Be4 Be7 33.R1b4 Bg5 34.f4 exf4 35.gxf4 Bf6 36.Rxb7 Rxb7
37.Rxa4 Qd7 38.Qg3 g5 39.Ra6 Rb2 40.fxg5 hxg5 41.Rxd6 Qc7 42.Bf3 Qe7 43.Re6 Qa7
44.Rc6  1-0

[Event "Liberec Open"]
[Site "Liberec CZE"]
[Date "2010.10.23"]
[Round "1"]
[White "Sorensen,B"]
[Black "Horyna,J"]
[Result "1-0"]
[WhiteElo "2271"]
[BlackElo "1924"]

1.Nf3 Nf6 2.g3 g6 3.Bg2 Bg7 4.c4 O-O 5.Nc3 c6 6.e4 d6 7.d4 Bg4 8.Be3 Nbd7
9.O-O Qc7 10.Rc1 Rfd8 11.h3 Bxf3 12.Qxf3 Rac8 13.Qe2 Re8 14.f4 Rf8 15.e5 Ne8
16.b4 a5 17.b5 e6 18.d5 Nb8 19.exd6 Nxd6 20.dxe6 fxe6 21.Bc5 Rfe8 22.b6 Qd8
23.Rfd1 Bxc3 24.Bxd6 Qf6 25.Qe3 Bb4 26.Be5 Qf7 27.c5 Nd7 28.a3 Bxc5 29.Rxc5 Nxc5
30.Qxc5 Ra8 31.Bc3 Qe7 32.Qe5 Red8 33.Qh8+ Kf7 34.Qxh7+ Kf8 35.Qh8+ Kf7 36.Qg7+ Ke8
37.Qxg6+ Qf7 38.Rxd8+ Rxd8 39.Qe4 Qf5 40.Qxf5 exf5 41.Bxa5 Rd3 42.Bxc6+ bxc6
43.b7  1-0

[Event "Uxbridge Premier"]
[Site "Denham ENG"]
[Date "2010.10.24"]
[Round "1"]
[White "Taylor,Dale C"]
[Black "Ociepka,A"]
[Result "0-1"]
[WhiteElo "1905"]
[BlackElo "2157"]

1.Nf3 Nf6 2.c4 g6 3.g3 Bg7 4.Bg2 O-O 5.O-O d6 6.Nc3 Nc6 7.d4 a6 8.h3 Rb8
9.Be3 b5 10.Nd2 Bd7 11.Rc1 b4 12.Nce4 Ne8 13.Nb3 f5 14.Ng5 Qc8 15.f4 h6 16.Ne6 Bxe6
17.Bxc6 Bd7 18.Bg2 Kh7 19.Qc2 Nf6 20.Kh2 Ba4 21.Qd3 Qe8 22.d5 c5 23.dxc6 Bxc6
24.Bxc6 Qxc6 25.c5 Rfd8 26.Nd4 Qd5 27.c6 Rdc8 28.Qb3 Qxb3 29.Nxb3 Ne4 30.Bd4 Bxd4
31.Nxd4 Kg7 32.g4 Kf6 33.gxf5 gxf5 34.e3 h5 35.h4 Rg8 36.c7 Rbc8 37.Rg1 Rg4
38.Rxg4 hxg4 39.b3 Nc5 40.Nc6 a5 41.Nxa5 Rxc7 42.Nc4 Ra7 43.Rc2 Kg6 44.Nd2 Ra8
45.Kg3 Rc8 46.Rc4 Ra8 47.Rc2 Ra5 48.e4 e6 49.exf5+ Kxf5 50.Nc4 Ne4+ 51.Kg2 Ra6
52.h5 Kxf4 53.h6 Ra7 54.Rc1 Rxa2+  0-1

[Event "Uxbridge Premier"]
[Site "Denham ENG"]
[Date "2010.10.26"]
[Round "4"]
[White "Campbell,E"]
[Black "Clark,Robert"]
[Result "0-1"]
[WhiteElo "1936"]
[BlackElo "2027"]

1.Nf3 Nf6 2.c4 g6 3.g3 Bg7 4.Bg2 O-O 5.d4 c5 6.d5 d6 7.Nc3 e6 8.dxe6 fxe6
9.O-O d5 10.cxd5 exd5 11.Ng5 h6 12.Nxd5 hxg5 13.Bxg5 Nc6 14.Qc2 Nd4 15.Nxf6+ Qxf6
16.Bd5+ Kh7 17.Qd2 Qe5 18.Bc4 Bh3 19.Bf4 Qe4 20.f3 Nxf3+ 21.Rxf3 Qxc4 22.Rd3 Qe4
23.e3 c4 24.Rd6 c3 25.bxc3 Bxc3 26.Rd7+ Bxd7 27.Qxd7+ Kg8 28.Rc1 Rac8 29.Qh3 Bd2
30.Rc7 Bxe3+ 31.Kf1 Qf3+  0-1

[Event "Uxbridge Premier"]
[Site "Denham ENG"]
[Date "2010.10.26"]
[Round "5"]
[White "Taylor,Dale C"]
[Black "Campbell,E"]
[Result "0-1"]
[WhiteElo "1905"]
[BlackElo "1936"]

1.Nf3 Nf6 2.c4 g6 3.g3 Bg7 4.Bg2 O-O 5.O-O d6 6.Nc3 Nc6 7.d4 a6 8.h3 Bd7
9.Be3 Qc8 10.Kh2 e5 11.d5 Ne7 12.c5 Nf5 13.Qd2 Nxe3 14.Qxe3 e4 15.Nd2 Re8
16.cxd6 cxd6 17.Rac1 Qd8 18.Nc4 b5 19.Nb6 Rb8 20.Nxd7 Qxd7 21.b4 Rbc8 22.a3 Rxc3
23.Qxc3 Ng4+ 24.hxg4 Bxc3 25.Rxc3 Qxg4 26.e3 Qh5+ 27.Kg1 Qxd5 28.Rfc1 Qa8
29.Rc7 d5 30.Bh3 f5 31.g4 Qd8 32.gxf5 Qh4 33.f6 Qxf6 34.Rd7 Rf8 35.f4 exf3
36.Rcc7 f2+  0-1

[Event "Uxbridge Premier"]
[Site "Denham ENG"]
[Date "2010.10.27"]
[Round "6"]
[White "Obiamiwe,P"]
[Black "De Coverly,R"]
[Result "1-0"]
[WhiteElo "2023"]
[BlackElo "2082"]

1.Nf3 Nf6 2.c4 g6 3.g3 Bg7 4.Bg2 O-O 5.O-O d6 6.d4 c6 7.Nc3 a6 8.h3 Nbd7
9.e4 e5 10.Bg5 Qb6 11.Rb1 exd4 12.Nxd4 Re8 13.Be3 Qc7 14.Rc1 Nc5 15.Qc2 a5
16.b3 Nfd7 17.Rfd1 Nf8 18.Ndb5 cxb5 19.Nxb5 Qe7 20.Nxd6 Nfd7 21.Nxe8 Qxe8
22.Rd5 b6 23.Rcd1 Bb7 24.Rd6 Bf8 25.R6d2 Nf6 26.f3 Nh5 27.Bf2 Rc8 28.Rd4 Bc6
29.Qd2 Ne6 30.Rd3 Bc5 31.Kh2 Nhg7 32.Bxc5 bxc5 33.Qxa5 Ra8 34.Qd2 h5 35.h4 Qe7
36.Qb2 Qa7 37.R3d2 Rb8 38.a3 Qb7 39.Rb1 f5 40.Qe5 fxe4 41.fxe4 Re8 42.b4 Nd4
43.Qxc5 Nge6 44.Qe5 Rd8 45.Rbd1 Qg7 46.Qxg7+ Kxg7 47.b5 Be8 48.a4 Kf6 49.a5 Ke5
50.a6 Ra8 51.Ra2 Nc5 52.Rf1 Bd7 53.a7 Be6 54.Rc1 Ndb3 55.Rc3 Nd4 56.b6 Bc8
57.Ra5 Ne6 58.Rd3 Bb7 59.Rd5+  1-0

[Event "11th Liberec Open"]
[Site "Liberec CZE"]
[Date "2010.10.27"]
[Round "5"]
[White "Jiruse,J"]
[Black "Gernert,V"]
[Result "1-0"]
[WhiteElo "2072"]
[BlackElo "1839"]

1.c4 Nf6 2.Nf3 g6 3.g3 Bg7 4.Bg2 O-O 5.O-O c6 6.d3 d5 7.Na3 Nbd7 8.Rb1 Re8
9.b4 b6 10.Bb2 Bb7 11.Ne5 Nxe5 12.Bxe5 Nd7 13.Bxg7 Kxg7 14.d4 e5 15.cxd5 cxd5
16.dxe5 Nxe5 17.Nc2 Ng4 18.Qd4+ Nf6 19.Ne3 Qd7 20.Rfd1 Rad8 21.Rb2 Qe6 22.b5 Rd7
23.Rbd2 Red8 24.g4 h6 25.h4 Kh7 26.Bf3 Rd6 27.g5 hxg5 28.hxg5 Ne4 29.Kg2 f6
30.Bxe4 dxe4 31.Qxd6 Rxd6 32.Rxd6 Qxa2 33.Rd7+ Kg8 34.Rxb7  1-0

[Event "20th World Seniors"]
[Site "Arco ITA"]
[Date "2010.10.28"]
[Round "3"]
[White "Sloth,J"]
[Black "Dydyshko,V"]
[Result "0-1"]
[WhiteElo "2302"]
[BlackElo "2547"]

1.Nf3 Nf6 2.c4 g6 3.g3 Bg7 4.Bg2 O-O 5.O-O d6 6.Nc3 e5 7.d3 Re8 8.Bg5 h6
9.Bxf6 Bxf6 10.Rb1 Bg7 11.Nd2 Nd7 12.Qc2 h5 13.b4 h4 14.Rfc1 Bh6 15.e3 hxg3
16.hxg3 Nf6 17.Nf1 Rb8 18.Nd5 Nh7 19.b5 Bd7 20.c5 c6 21.bxc6 Bxc6 22.Nb4 Bxg2
23.Kxg2 dxc5 24.Qxc5 Bf8 25.Qc4 Nf6 26.e4 Bh6 27.Rc2 Qd7 28.Nd5 Nxd5 29.Qxd5 Qxd5
30.exd5 Red8 31.Rc5 b6 32.Rcb5 Rd6 33.Ne3 Bxe3 34.fxe3 a6 35.Rc5 Rbd8 36.Rc3 Rxd5
37.Rxb6 Rxd3 38.Rxd3 Rxd3 39.Kf3 Ra3 40.Ke4 Rxa2 41.Kxe5 Kg7 42.e4 a5 43.Ra6 a4
44.Kf4 a3 45.e5 Kf8 46.Ra7 Ra1 47.Kf3 Ke8 48.Kg2 a2 49.Kh2 Kd8 50.Kg2 Kc8
51.Kh2 Kb8 52.Ra4 Kc7 53.Ra8 Kc6 54.Kg2 Kd5 55.Ra5+ Ke4 56.Kh2 g5 57.g4 Kf3
58.Ra4 Re1 59.Rxa2 Re2+ 60.Rxe2 Kxe2 61.Kg3  0-1

[Event "Uxbridge Premier"]
[Site "Denham ENG"]
[Date "2010.10.28"]
[Round "8"]
[White "Taylor,Adam A"]
[Black "De Coverly,R"]
[Result "1-0"]
[WhiteElo "1821"]
[BlackElo "2082"]

1.Nf3 Nf6 2.c4 g6 3.g3 Bg7 4.Bg2 O-O 5.O-O d6 6.Nc3 e5 7.d4 Nbd7 8.h3 c6
9.e4 exd4 10.Nxd4 Re8 11.Be3 Nc5 12.Qc2 a5 13.Rfe1 a4 14.Rad1 Qa5 15.f4 Qb4
16.b3 axb3 17.axb3 Ra3 18.Ncb5 Ncxe4 19.Nxa3 Qxa3 20.Bc1 Qa7 21.Bxe4 d5 22.cxd5 cxd5
23.Bg2 Rxe1+ 24.Rxe1 Qxd4+ 25.Be3 Bf5 26.Bxd4 Bxc2 27.Rc1 Bf5 28.Bxf6 Bxf6
29.Bxd5 b6 30.Rc7 Bxh3 31.Rxf7 Bd4+ 32.Kh2 Bg4 33.f5 Bf3 34.Rd7+ Bxd5 35.Rxd5 Bc5
36.fxg6 hxg6 37.Rd7 Be3 38.Kh3 Kf8 39.Kg4 Kg8 40.b4 Kf8 41.Rb7 Ke8 42.Rg7  1-0

[Event "Chigorin Mem Classic Open"]
[Site "St Petersburg RUS"]
[Date "2010.10.30"]
[Round "3"]
[White "Khuseinkhodzhaev,M"]
[Black "Balaian,Ali"]
[Result "0-1"]
[WhiteElo "2391"]
[BlackElo "2157"]

1.Nf3 Nf6 2.c4 g6 3.g3 Bg7 4.Bg2 O-O 5.O-O d6 6.Nc3 Nbd7 7.d3 e5 8.Rb1 Nh5
9.b4 f5 10.Bg5 Ndf6 11.Qc1 f4 12.d4 exd4 13.Nxd4 h6 14.Bxf6 Qxf6 15.Ndb5 Qd8
16.Qd2 c6 17.Nd4 Qf6 18.Rbd1 Qe5 19.Ne4 fxg3 20.hxg3 Bg4 21.Rfe1 d5 22.cxd5 cxd5
23.Nc5 Rxf2 24.Kxf2 Qxg3+ 25.Kg1 Nf4 26.e3 Nh3+ 27.Kh1 Bxd1 28.Bxh3 Qxh3+
29.Qh2 Bf3+ 30.Nxf3 Qxf3+ 31.Qg2 Qxg2+ 32.Kxg2 b6 33.Ne6 Rc8 34.Kf3 Kf7 35.Nf4 Rd8
36.Rc1 Be5 37.Nxd5 Rxd5 38.Ke4 Ke6 39.Rc8 Rb5 40.Re8+ Kf6  0-1

[Event "Chigorin Mem Classic Open"]
[Site "St Petersburg RUS"]
[Date "2010.10.30"]
[Round "3"]
[White "Minina,V"]
[Black "Ulanov,A"]
[Result "0-1"]
[WhiteElo "2147"]
[BlackElo "2353"]

1.Nf3 Nf6 2.g3 g6 3.Bg2 Bg7 4.c4 O-O 5.O-O d6 6.d4 Nbd7 7.Nc3 e5 8.b3 Re8
9.e3 c6 10.Bb2 h5 11.dxe5 dxe5 12.Qc2 Nc5 13.Rad1 Qc7 14.b4 Bf5 15.Qe2 Bd3
16.Rxd3 Nxd3 17.Qxd3 e4 18.Nxe4 Nxe4 19.Bxg7 Kxg7 20.Nd4 Nf6 21.b5 cxb5 22.Nxb5 Qe7
23.Nd6 Red8 24.c5 Rd7 25.Qd4 Rad8 26.e4 Kh7 27.e5 Ng4 28.f4 f6 29.Re1 b6
30.h3 fxe5 31.Qc3 bxc5 32.Ne4 Rd3 33.Qxc5 Qxc5+ 34.Nxc5 Rd1 35.hxg4 Rxe1+  0-1

[Event "TCh-NOR Attack-serien 2010-11"]
[Site "Oslo NOR"]
[Date "2010.11.05"]
[Round "1"]
[White "Solem,T"]
[Black "Hansen,TR"]
[Result "0-1"]
[WhiteElo "2203"]
[BlackElo "2439"]

1.Nf3 Nf6 2.g3 g6 3.Bg2 Bg7 4.c4 O-O 5.O-O d6 6.d4 Nc6 7.h3 a6 8.Nc3 Bd7
9.Be3 Rb8 10.Rc1 b5 11.cxb5 axb5 12.Nd2 e5 13.Nb3 b4 14.Nb1 Nxd4 15.Nxd4 exd4
16.Bxd4 Re8 17.Nd2 c5 18.Be3 Bb5 19.Re1 Rxe3 20.fxe3 Qe7 21.Nf1 Nh5 22.Qb3 Qe5
23.Rcd1 Qxb2 24.g4 Qxb3 25.axb3 Nf6 26.Rxd6 Ne8 27.Rd5 c4 28.bxc4 Bxc4 29.Ra5 b3
30.Ra8 Rxa8 31.Bxa8 Nd6 32.Rd1 b2 33.Kf2 Bb3 34.Rb1 Bc2 35.Nd2 Bc3 36.Bd5 Kg7
37.Ba2 Kf6 38.Nf3 Bxb1 39.g5+ Ke7 40.Bxb1 Nb5  0-1

[Event "FSFMA November"]
[Site "Budapest HUN"]
[Date "2010.11.06"]
[Round "1"]
[White "Tessedik,K"]
[Black "Schenkerik,C"]
[Result "1/2-1/2"]
[WhiteElo "1993"]
[BlackElo "2127"]

1.Nf3 Nf6 2.c4 g6 3.g3 Bg7 4.Bg2 O-O 5.O-O d6 6.d4 Nbd7 7.Nc3 e5 8.dxe5 dxe5
9.Qc2 c6 10.b4 Re8 11.Rd1 Qc7 12.e4 a5 13.b5 Nc5 14.Be3 Bf8 15.h3 Be6 16.Bf1 Nfd7
17.Ng5 f6 18.Nxe6 Nxe6 19.Rab1 Bc5 20.bxc6 bxc6 21.Na4 Bxe3 22.fxe3 Ndc5
23.Bg2 Nxa4 24.Qxa4 Kg7 25.Qa3  1/2-1/2

[Event "TCh-CZE 2010-11"]
[Site "Frydek Mistek CZE"]
[Date "2010.11.06"]
[Round "1.1"]
[White "Miton,K"]
[Black "Antoniewski,R"]
[Result "1/2-1/2"]
[WhiteElo "2616"]
[BlackElo "2604"]

1.Nf3 Nf6 2.c4 g6 3.g3 Bg7 4.Bg2 O-O 5.O-O d6 6.d4 Nc6 7.Nc3 Bf5 8.Ne1 Na5
9.e4 Bg4 10.f3 Bd7 11.b3 c5 12.Nc2 Nc6 13.Be3 Qa5 14.Qd2 e5 15.d5 Nd4 16.Nxd4 cxd4
17.Ne2 Qa6 18.Bg5  1/2-1/2

[Event "14th OIBM"]
[Site "Bad Wiessee GER"]
[Date "2010.11.07"]
[Round "9.27"]
[White "Partenheimer,A"]
[Black "Schmitz,Th"]
[Result "0-1"]
[WhiteElo "2201"]
[BlackElo "2320"]

1.Nf3 Nf6 2.c4 g6 3.g3 Bg7 4.Bg2 O-O 5.O-O d6 6.d4 Bd7 7.Nc3 Qc8 8.Re1 Re8
9.e4 Bg4 10.Be3 Nc6 11.Qd2 Bxf3 12.Bxf3 Ng4 13.Bxg4 Qxg4 14.Kg2 Qd7 15.d5 Ne5
16.Qe2 Ng4 17.Bd2 Nf6 18.Qd3 e6 19.Rad1 a6 20.a4 Ng4 21.dxe6 Rxe6 22.f4 Qc6
23.Nd5 Rae8 24.Bc3 Bxc3 25.Qxc3 Rxe4 26.Rxe4 Rxe4 27.Qf3 f5 28.h3 Ne3+ 29.Nxe3 Rxe3
30.Qxc6 bxc6 31.Rd2 Rb3 32.Kf2 c5 33.a5 Kf7 34.Re2 Rb4 35.Rc2 Ra4 36.b3 Rxa5
37.Rc3 Ra3  0-1

[Event "TCh-HUN 2010-11"]
[Site "Budapest HUN"]
[Date "2010.11.07"]
[Round "2"]
[White "Bernei,A"]
[Black "Bors,T"]
[Result "0-1"]
[WhiteElo "2234"]
[BlackElo "2253"]

1.Nf3 Nf6 2.c4 g6 3.g3 Bg7 4.Bg2 O-O 5.O-O d6 6.d4 Nc6 7.Nc3 Bf5 8.Nh4 Bd7
9.Nf3 a6 10.e4 e5 11.d5 Na5 12.c5 Qe7 13.b4 Nc4 14.Qb3 dxc5 15.Qxc4 cxb4
16.Ne2 Bb5 17.Qc2 Rfc8 18.Bb2 c6 19.d6 Qxd6 20.Bxe5 Qd3 21.Qxd3 Bxd3 22.Rfe1 Bxe4
23.Nd2 Bxg2 24.Kxg2 Re8 25.f4 Nd5 26.Bxg7 Kxg7 27.Nd4 c5 28.N4b3 b6 29.a3 Ne3+
30.Kf3 Nc2 31.Rxe8 Rxe8 32.Rd1 Nxa3 33.Ne4 c4 34.Nd4 b3 35.Nc3 b5 36.Nc6 Rc8
37.Na5 b2 38.Nb1 b4  0-1

[Event "VII Open"]
[Site "Figueira da Foz POR"]
[Date "2010.11.07"]
[Round "9.8"]
[White "Santos,AntonioP"]
[Black "Ferreira,Jor1"]
[Result "0-1"]
[WhiteElo "2326"]
[BlackElo "2327"]

1.c4 Nf6 2.Nf3 g6 3.g3 Bg7 4.Bg2 O-O 5.O-O d6 6.Nc3 e5 7.d3 Nc6 8.a3 a5 9.Bd2 Nd4
10.e3 Nxf3+ 11.Bxf3 c6 12.b4 axb4 13.axb4 Rxa1 14.Qxa1 d5 15.cxd5 cxd5 16.Qa7 e4
17.Bg2 exd3 18.Qd4 Bf5 19.Nxd5 Ne4 20.Qxd3 Nxg3 21.Qb5 Nxf1 22.Kxf1 Bc8 23.e4 Kh8
24.Bf4 Qd7 25.Qc5 Qa4 26.Bf3 Bh3+ 27.Ke2 Rc8 28.Bc7 Qa2+ 29.Kd1 Bd7 30.e5 Ba4+
31.Ke1 Qb1+ 32.Kd2 Bh6+ 33.Ne3 Bc6 34.Bb6 Ra8 35.Bxc6 Ra2+ 36.Kc3 Ra3+ 37.Kd2 Qd3+  0-1

[Event "TCh-NED"]
[Site "Netherlands NED"]
[Date "2010.11.20"]
[Round "3.8"]
[White "Sielecki,C"]
[Black "Kikkert,R"]
[Result "1/2-1/2"]
[WhiteElo "2397"]
[BlackElo "2289"]

1.Nf3 Nf6 2.c4 g6 3.g3 Bg7 4.Bg2 O-O 5.O-O d5 6.cxd5 Nxd5 7.d4 Nb6 8.Nc3 Nc6
9.d5 Na5 10.Qc2 Bd7 11.Bg5 h6 12.Bf4 c6 13.Rad1 Rc8 14.d6 exd6 15.Bxd6 Re8
16.b3 Nd5 17.Nxd5 cxd5 18.Qd3 Be6 19.Be5 Nc6 20.Bxg7 Kxg7 21.Nd4 Qa5 22.h4 Qc5
23.Nxc6 bxc6 24.Qb1 Qc3 25.Rc1 Qe5 26.e4 dxe4 27.Qxe4 Qxe4 28.Bxe4 Bxb3 29.Bxc6 Re6
30.Bd7 Rxc1  1/2-1/2

[Event "TCh-HUN 2010-11"]
[Site "Budapest HUN"]
[Date "2010.11.21"]
[Round "3"]
[White "Bernei,A"]
[Black "Csirik,A"]
[Result "1/2-1/2"]
[WhiteElo "2234"]
[BlackElo "2343"]

1.Nf3 Nf6 2.c4 g6 3.g3 Bg7 4.Bg2 O-O 5.O-O d6 6.Nc3 e5 7.d3 Nc6 8.Rb1 h6
9.b4 a6 10.a4 Be6 11.b5 axb5 12.axb5 Ne7 13.Bb2 Qd7 14.Ra1 e4 15.Nd4 exd3
16.Nxe6 dxe2 17.Qxe2 Qxe6 18.Qxe6 fxe6 19.Bxb7 Rxa1 20.Bxa1 Rb8 21.Bg2 d5
22.cxd5 Nfxd5 23.Nxd5 Nxd5 24.Bh3 Rb6 25.Bxg7 Kxg7 26.Rc1 Kf6 27.Bf1 Ke5
28.h4 Kd4 29.Rc4+ Ke5 30.Rc1 Kd6 31.Kg2 Rb8 32.Bd3 Ne7  1/2-1/2

[Event "70th ch-ITA"]
[Site "Siena ITA"]
[Date "2010.11.23"]
[Round "1"]
[White "Ortega,Le"]
[Black "Dvirnyy,D"]
[Result "1/2-1/2"]
[WhiteElo "2480"]
[BlackElo "2492"]

1.Nf3 Nf6 2.c4 g6 3.g3 Bg7 4.Bg2 O-O 5.O-O d5 6.cxd5 Nxd5 7.d4 c5 8.dxc5 Na6
9.Ng5 e6 10.Ne4 Bd7 11.Bg5 Qc7 12.Nbc3 Nxc3 13.Nxc3 Bc6 14.Bf4 Qc8 15.Ne4 Nxc5
16.Nxc5 Bxg2 17.Kxg2 Qxc5 18.Rc1 Qb5 19.b3 Rfd8  1/2-1/2

[Event "XXIII Belgrade Trophy"]
[Site "Obrenovac SRB"]
[Date "2010.11.24"]
[Round "1.7"]
[White "Trisic,D"]
[Black "Popovic,Du"]
[Result "0-1"]
[WhiteElo "2060"]
[BlackElo "2546"]

1.Nf3 Nf6 2.c4 g6 3.g3 Bg7 4.Bg2 O-O 5.O-O d6 6.d4 Nc6 7.Nc3 a6 8.d5 Na5
9.Qd3 c5 10.e4 Rb8 11.Nd2 b5 12.Rb1 Ng4 13.b3 Ne5 14.Qc2 bxc4 15.bxc4 Bd7
16.Rxb8 Qxb8 17.Nd1 Qb4 18.Ne3 Rb8 19.Re1 Ba4 20.a3 Bxc2 21.axb4 Nd3 22.Nxc2 Nxe1
23.Nxe1 Rxb4 24.Nc2 Rb8 25.Bf1 Nb3 26.Nxb3 Rxb3 27.Kg2 Rc3  0-1

[Event "WY U-16 Olympiad"]
[Site "Burdur TUR"]
[Date "2010.11.28"]
[Round "3"]
[White "Grigoryan,K2"]
[Black "Ferreira,Jor1"]
[Result "1-0"]
[WhiteElo "2368"]
[BlackElo "2359"]

1.Nf3 Nf6 2.c4 g6 3.g3 Bg7 4.Bg2 O-O 5.O-O d6 6.d4 c5 7.Nc3 Nc6 8.d5 Na5
9.Nd2 e5 10.a3 b6 11.b4 Nb7 12.e4 Ng4 13.h3 Nh6 14.Nf3 f6 15.Ra2 Nf7 16.Re2 Bd7
17.Nd2 Qc8 18.Kh2 f5 19.exf5 gxf5 20.Bb2 cxb4 21.axb4 a5 22.Na2 b5 23.Qb1 bxc4
24.Rc1 Bb5 25.Ba1 axb4 26.Nxb4 Rxa1 27.Qxa1 e4 28.Qb1 c3 29.Re3 Bd4 30.Nc6 Bxc6
31.Rexc3 Bxc3 32.Rxc3 Nc5 33.dxc6 Qxc6 34.f3 Qd5 35.Qc2 Re8 36.fxe4 fxe4
37.Nc4 Ne5 38.Nxd6 Qxd6 39.Rxc5 e3 40.Rc7 Qxc7 41.Qxc7 e2 42.Bd5+ Kh8 43.Qb6 Nd7
44.Qd4+ Re5 45.Qg4  1-0

[Event "Moscow TCh-Student Final"]
[Site "Moscow RUS"]
[Date "2010.11.28"]
[Round "1"]
[White "Potapov,Alexe"]
[Black "Kurukin,D"]
[Result "1-0"]
[WhiteElo "2394"]
[BlackElo "2301"]

1.c4 Nf6 2.Nf3 g6 3.g3 Bg7 4.Bg2 O-O 5.O-O Nc6 6.Nc3 a6 7.d4 d6 8.b3 Rb8
9.Bb2 b5 10.cxb5 axb5 11.d5 Na5 12.Nd4 b4 13.Na4 e5 14.Nc2 Bd7 15.Qe1 Bxa4
16.bxa4 Nc4 17.Rb1 b3 18.axb3 Rxb3 19.Bc3 Rxb1 20.Qxb1 Nb6 21.Qb3 Qa8 22.a5 Nbxd5
23.Rb1 c6 24.Bd2 Nd7 25.Qa3 Nc5 26.Ne3 Rd8 27.Nc4 Na6 28.Bxd5 cxd5 29.Nxd6 Bf8
30.Rb6 Rxd6 31.Rxd6 Qb8 32.Bb4 Bxd6 33.Bxd6 Qb5 34.Qa2 d4 35.Qc2 Kg7 36.Qc8 Qxe2
37.Bf8+ Kf6 38.Qc6+ Kg5 39.Be7+ Kf5 40.Qf6+ Ke4 41.Qc6+ Kf5 42.Qd7+ Ke4 43.Qc6+ Kf5
44.Qf6+ Ke4 45.f3+ Qxf3 46.Qc6+ Ke3 47.Bg5+ Ke2 48.Qc2+  1-0

[Event "XXIII Belgrade Trophy"]
[Site "Obrenovac SRB"]
[Date "2010.11.28"]
[Round "5.38"]
[White "Trisic,D"]
[Black "Radosavljevic,SD"]
[Result "0-1"]
[WhiteElo "2060"]
[BlackElo "2248"]

1.c4 Nf6 2.Nf3 g6 3.g3 Bg7 4.Bg2 O-O 5.O-O c5 6.d4 cxd4 7.Nxd4 d6 8.Nc3 Nc6
9.Nxc6 bxc6 10.Bxc6 Rb8 11.Bg2 Qa5 12.Nb5 Bb7 13.Bd2 Qa6 14.Bxb7 Qxb7 15.Bc3 a6
16.Na3 h5 17.Nc2 Qc8 18.Ne3 Qh3 19.f3 Rfc8 20.Qd3 Rc5 21.Rf2 Qc8 22.b3 d5
23.Bd4 dxc4 24.Nxc4 Rd5 25.e4 Nxe4 26.fxe4 Rxd4 27.Qf3 Rxc4 28.Qxf7+ Kh8
29.Qxg6 Qg4 30.Qxa6 Rxe4 31.Rf7 Re6 32.Qf1 Qd4+ 33.Kg2 Qxa1  0-1

[Event "National Chess Congress"]
[Site "Philadelphia USA"]
[Date "2010.11.28"]
[Round "5"]
[White "Goletiani,R"]
[Black "Prilleltensky,M"]
[Result "1/2-1/2"]
[WhiteElo "2366"]
[BlackElo "2122"]

1.Nf3 Nf6 2.g3 g6 3.c4 Bg7 4.Bg2 O-O 5.Nc3 d6 6.d3 e5 7.Bg5 h6 8.Bxf6 Bxf6
9.O-O Bg7 10.Rb1 a5 11.a3 Nc6 12.b4 axb4 13.axb4 Be6 14.Nd2 e4 15.b5 Ne7
16.Qb3 exd3 17.exd3 Rb8 18.Rfe1 Qd7 19.Ra1 Nf5 20.Nf3 Rfe8 21.Ra7 g5 22.h3 Nd4
23.Nxd4 Bxd4 24.Rxb7 Rxb7 25.Bxb7 Bxh3 26.Re2 Rb8 27.Be4 Qg4 28.Kh2 Bxc3
29.Qxc3 Qxe2 30.Kxh3 Qxf2 31.Qa5 Qf1+ 32.Kh2 Qf2+ 33.Kh1 Qc5 34.Bc6 Qb6 35.Qc3 Rf8
36.Qf6 Qe3 37.Be4 Re8 38.Kh2 Qd2+ 39.Kh3 g4+ 40.Kxg4 Qg5+ 41.Qxg5+ hxg5 42.Kxg5  1/2-1/2

[Event "National Chess Congress"]
[Site "Philadelphia USA"]
[Date "2010.11.28"]
[Round "6"]
[White "Williams,Justus D"]
[Black "Treger,E"]
[Result "1-0"]
[WhiteElo "2158"]
[BlackElo "2190"]

1.Nf3 Nf6 2.c4 g6 3.g3 Bg7 4.Bg2 O-O 5.O-O d6 6.Nc3 Nc6 7.d4 Bg4 8.h3 Bxf3
9.Bxf3 Nd7 10.e3 Nb6 11.Be2 h5 12.Ne4 a5 13.f4 Nxc4 14.d5 Nxb2 15.Bxb2 Bxb2
16.Rb1 Bg7 17.dxc6 bxc6 18.Bf3 d5 19.Nc5 e5 20.Qa4 h4 21.Qxc6 hxg3 22.Bxd5 Qh4
23.Kg2 Rad8 24.Nd7 e4 25.Nxf8 Qh5 26.Nd7 Qe2+ 27.Kxg3 Qxe3+ 28.Kg2 Qd2+ 29.Rf2 Qd4
30.Bxf7+ Kxf7 31.Ne5+ Kg8 32.Qc4+ Kh7 33.Qxd4 Rxd4 34.Re2 g5 35.Rbe1 gxf4
36.Rxe4 Bxe5 37.Rxe5 Ra4 38.R5e4 Rxa2+ 39.R1e2 Ra3 40.Rxf4 Kg6 41.Rc4 a4
42.Rxc7 Rb3 43.Ra7 a3 44.Ra2  1-0

[Event "Moscow TCh-Student Final"]
[Site "Moscow RUS"]
[Date "2010.11.30"]
[Round "2"]
[White "Potapov,Alexe"]
[Black "Dzhangobegov,V"]
[Result "1-0"]
[WhiteElo "2394"]
[BlackElo "2267"]

1.c4 Nf6 2.Nf3 g6 3.g3 Bg7 4.Bg2 O-O 5.O-O c6 6.Na3 d6 7.Rb1 e5 8.d3 Re8
9.e4 Nbd7 10.Bg5 h6 11.Bxf6 Nxf6 12.Re1 Bg4 13.h3 Bxf3 14.Qxf3 Nd7 15.h4 Nc5
16.b4 Ne6 17.Bh3 Nd4 18.Qd1 f5 19.exf5 gxf5 20.Nc2 Nxc2 21.Qxc2 Qf6 22.b5 c5
23.Bg2 Re7 24.a4 Rf8 25.b6 a6 26.Bd5+ Kh8 27.Qe2 e4 28.dxe4 f4 29.Rb3 Qg6
30.Kh1 Be5 31.Rg1 Rg7 32.Qf3 h5 33.Rbb1 Qg4 34.Qxg4 hxg4 35.Be6 f3 36.Rgd1 Rf6
37.Bf5 Kg8 38.Bc8 Kf8 39.Rd5 Rh6 40.Kg1 Ke8 41.Rbd1 Rhg6 42.R1d3 Rf6 43.Kf1 Bd4
44.Rh5 Rf8 45.Kg1 Kd8 46.Bf5 Rfg8 47.Rh6 Ke7 48.Re6+ Kd7 49.a5 Rf8 50.Kf1 Rxf5
51.exf5 Rf7 52.Re4 Rg7 53.Kg1 Kc6 54.Re8 d5 55.Re6+ Kd7 56.cxd5 Rf7 57.Rg6 Re7
58.Rxg4 Re1+ 59.Kh2 Bxf2 60.Rxf3 Bg1+ 61.Kg2 Bd4 62.f6 Re2+ 63.Kh3 Re8 64.f7 Rf8
65.Rg8 Ke7 66.d6+  1-0

[Event "70th ch-ITA"]
[Site "Siena ITA"]
[Date "2010.11.30"]
[Round "7"]
[White "Rombaldoni,D"]
[Black "Genocchio,D"]
[Result "1/2-1/2"]
[WhiteElo "2494"]
[BlackElo "2433"]

1.Nf3 Nf6 2.g3 g6 3.Bg2 Bg7 4.c4 O-O 5.O-O d6 6.Nc3 e5 7.d4 Nbd7 8.e4 h6
9.h3 Nh7 10.Be3 Ng5 11.Nxg5 hxg5 12.f4 gxf4 13.gxf4 exf4 14.Bxf4 c5 15.Bxd6 Bxd4+
16.Kh1 Ne5 17.Bxf8 Qxf8 18.Qb3 Be6 19.Nd5 Qh6 20.Rad1 Rf8 21.Rde1 Kg7 22.Rd1 Qh4
23.Rf4 Qg5 24.Rdf1 b6 25.Rf6 Rh8 26.Rxe6 fxe6 27.Nf4 Qe7 28.Qc2 Rf8 29.Qe2 Rf6
30.b3 Qf7 31.Nd3 Rxf1+ 32.Qxf1 Nxd3 33.Qxd3 Qf2 34.Qb1 Be5 35.a4 Qg3 36.Kg1 Bd4+
37.Kh1 Be5 38.Kg1 Qe3+ 39.Kh1 Qf4 40.Kg1 Bd4+ 41.Kh1 Be5 42.Kg1 g5 43.Qd1 Bd4+
44.Kh1 Kf6 45.b4 Ke7 46.bxc5 bxc5 47.Qf3 Qc1+ 48.Bf1 Be5 49.Kg2 Qc2+ 50.Be2 Bf4
51.Kf2 Qc1 52.Kg2 Qe1 53.Qf2 Qxf2+  1/2-1/2